| 000 | 00857cam a22002531 4500 | ||
|---|---|---|---|
| 001 | sa 68001009 | ||
| 003 | DLC | ||
| 005 | 20260227112429.0 | ||
| 008 | 710903s1965 ii s 000 0 eng | ||
| 010 | _asa 68001009 | ||
| 025 | _aPL480: I-E-8586 | ||
| 040 |
_aDLC _cDLC _dDLC |
||
| 043 | _aa-ii--- | ||
| 050 | 0 | 0 |
_aHV1559.I4 _bP8 |
| 082 | 0 | 0 | _a362.4/0954/55 |
| 110 | 1 |
_aPunjab (India). _bEconomic and Statistical Organisation. |
|
| 245 | 1 | 0 | _aSurvey of physically handicapped persons in Punjab. |
| 260 |
_a[Chandigarh] _bIssued by the Economic and Statistical Adviser to Govt., Punjab _c[1965] |
||
| 300 |
_a218 p. _c25 cm. |
||
| 490 | 1 |
_aPublication ; _vno. 59 |
|
| 500 | _aCover title. | ||
| 650 | 0 |
_aPeople with disabilities _zIndia _zPunjab _vStatistics. |
|
| 830 | 0 |
_aPublication (Punjab (India). Economic and Statistical Organisation) ; _vno. 59. |
|
| 999 |
_c77632 _d77632 |
||